Participantes do Big Brother Brasil 5 - Statistics

Estatísticas Gerais
  • Esse quiz foi jogado 21 vezes
  • A pontuação média é 10 de 15
Estatísticas das Respostas
Colocação Participante % Correto
Grazielli Massafera
100%
Jean Wyllys
94%
Tatiane Pink
88%
Alan Santos
75%
10º Paulo André Costa
75%
11º Rogério Padovan
75%
Aline Santos
63%
14º Juliana Brandão
63%
Sammy Ueda
63%
Retirada Marielza Santos
56%
Tatiana Souza
56%
Natália Nara
50%
Karla Barbosa
38%
13º Marcos Maçaneiro
38%
12º Giulliano Ciarelli
31%
Nenhum quiz correspondente encontrado
Distribuição das Pontuações
Porcentagem de Pessoas com Cada Pontuação
Percentil de Números Respondidos
Sua Pontuação Histórica
Você não jogou esse quiz